Rechtliche Aspekte und Probleme der Vollendung des EG-Binnenmarktes

Gespeichert in:
Bibliographische Detailangaben
1. Verfasser: Krämer, Hans R.
Format: Buch
Sprache:Deutsch
Veröffentlicht: Kiel Institut für Weltwirtschaft 1987
Ausgabe:1. Aufl.
Schriftenreihe:Arbeitspapier Nr.310
Tags: Tag hinzufügen
Keine Tags, Fügen Sie das erste Tag hinzu!

MARC

LEADER 00000nam a2200000 4500
001 c023588
005 20250701095828.3
041 0 |a ger 
044 |a DE 
245 1 0 |a Rechtliche Aspekte und Probleme der Vollendung des EG-Binnenmarktes  |c Hans R. Krämer 
250 |a 1. Aufl. 
264 1 |a Kiel  |b Institut für Weltwirtschaft  |c 1987 
300 |a 77 s. 
490 1 |a Arbeitspapier  |v Nr.310 
830 0 |a Arbeitspapier  |v Nr.310 
100 1 |a Krämer, Hans R.